000
00298nam a22001217a 4500
040
_c
HS
082
_a
631
100
_a
សុខ វ៉ាន់ថន
245
_a
ការរៀបចំទឹក & ដី
260
_a
RUA
_b
សុខ វ៉ានថន
_c
1997
300
_a
90p.
942
_c
KB
999
_c
8666
_d
8666